000 02501nas a2200277Ia 4500
001 R050-R761B
003 IT-CnALBA
008 170116c99999999xx |||||||||||| ||und||
040 _aIT-CnALBA
_cIT-CnALBA
041 _aITALIANO
100 _aMIELI RENATO
210 _aDOCUMENTAZIONE SUI PAESI DELL'EST
222 _aDOCUMENTAZIONE SUI PAESI DELL'EST
245 0 _aDOCUMENTAZIONE SUI PAESI DELL'EST. VOL. I. ANNO I. 1965.
250 _a1a ed.
260 _aMILANO
_bCESES, CENTRO STUDI R. PROB. ECON.
_c1965
300 _a1006 p.
310 _aSETTIMANALE
362 _aFascicolo: 1-14 / Anno: 1 (1965)
500 _aCECOSLOVACCHIA. STORIA. ECONOMIA GENERALE. INDUSTRIA AGRICOLTURA. FINANZE. TRASPORTI E COMUNICAZIONI. CULTURA GENERALE. NOTIZIARIO. SOCIETÀ GENERALE. EDUCAZIONE LAVORO SINDACALISMO. FILOSOFIA E IDEOLOGIA. DEMOCRAFIA. OPINIONE PUBBLICA. GERMANIA ORIENTALE. ECONOMIA AGRICOLTURA. JUGOSLAVIA, SOCIALISMO E AUTOGESTONE. FINANZE, TRASPORTI E COMUNICAZIONI. SISTEMA LEGALE. UNGHERIA, LETTERATURA, ATEISMO, FAMIGLIA GIOVENTÙ. EDUCAZIONE, SISTEMA LEGALE, MOVIMENTO COMUNISTA. ALBANIA CONTRO UNINE SOVIETICA. SVILUPPO ECONOMICO NEL COMECON. REAZIONE DI PECHINO E TIRANA ALLA RIUNIONE DI MOSCA. COMMEMORAZIONE NASCITA LENIN. RASSEGNA RIVISTE E LIBRI. CRONOLOGIA. BIBLIOTECA URSS. REDATTORI: ALEKSEJEV L. ARCHIEREEV M. BAKARIC V. BERGER W. BIRMAN A. BLANC S. BONIN G. BREZHNEV M. BYKOV A. DEKKERS R. DZEBA K. FROLOV V. GAEV A. POLONIA ROMANIA.
501 _aSocietà San Paolo EM - Piazza San Paolo, 14 - 12051 ALBA (CN) (non commercial uses only) ® Copyright 2017
520 _aCECOSLOVACCHIA. STORIA. ECONOMIA GENERALE. INDUSTRIA AGRICOLTURA. FINANZE. TRASPORTI E COMUNICAZIONI. CULTURA GENERALE. NOTIZIARIO. SOCIETÀ GENERALE. EDUCAZIONE LAVORO SINDACALISMO. FILOSOFIA E IDEOLOGIA. DEMOCRAFIA. OPINIONE PUBBLICA. GERMANIA ORIENTALE. ECONOMIA AGRICOLTURA. JUGOSLAVIA, SOCIALISMO E AUTOGESTONE. FINANZE, TRASPORTI E COMUNICAZIONI. SISTEMA LEGALE. UNGHERIA, LETTERATURA, ATEISMO, FAMIGLIA GIOVENTÙ. EDUCAZIONE, SISTEMA LEGALE, MOVIMENTO COMUNISTA. ALBANIA CONTRO UNINE SOVIETICA. SVILUPPO ECONOMICO NEL COMECON. REAZIONE DI PECHINO E TIRANA ALLA RIUNIONE DI MOSCA. COMMEMORAZIONE NASCITA LENIN. RASSEGNA RIVISTE E LIBRI. CRONOLOGIA. BIBLIOTECA URSS. REDATTORI: ALEKSEJEV L. ARCHIEREEV M. BAKARIC V. BERGER W. BIRMAN A. BLANC S. BONIN G. BREZHNEV M. BYKOV A. DEKKERS R. DZEBA K. FROLOV V. GAEV A. POLONIA ROMANIA.
650 _aPERIODICI
942 _cCR
957 _71
999 _a14739
_bNO
_g1
_c322697
_d322697